000 01316nam a22003254a 4500
001 ebr10067473
003 CaPaEBR
006 m u
007 cr cn|||||||||
008 020603s2002 nyua sb 001 0 eng
010 _z 2002072681
020 _z0306473593
040 _aCaPaEBR
_cCaPaEBR
035 _a(OCoLC)228110628
050 1 4 _aQD474
_b.P643 2002eb
245 0 0 _aPolyoxometalate chemistry for nano-composite design
_h[electronic resource] /
_cedited by Toshihiro Yamase and Michael T. Pope.
260 _aNew York :
_bKluwer Academic/Plenum Publishers,
_cc2002.
300 _aviii, 235 p. :
_bill.
490 1 _aNanostructure science and technology
504 _aIncludes bibliographical references and index.
533 _aElectronic reproduction.
_bPalo Alto, Calif. :
_cebrary,
_d2013.
_nAvailable via World Wide Web.
_nAccess may be limited to ebrary affiliated libraries.
650 0 _aPolyoxometalates.
650 0 _aNanostructured materials.
655 7 _aElectronic books.
_2local
700 1 _aYamase, Toshihiro.
700 1 _aPope, Michael Thor,
_d1933-
710 2 _aebrary, Inc.
830 0 _aNanostructure science and technology.
856 4 0 _uhttp://site.ebrary.com/lib/rucke/Doc?id=10067473
_zAn electronic book accessible through the World Wide Web; click to view
999 _c162864
_d162864